Waterborne pathogens.
Saved in:
| Corporate Author | |
|---|---|
| Format | Electronic eBook |
| Language | English |
| Published |
Denver, CO :
American Water Works Association,
©2006.
|
| Edition | 2nd ed. |
| Series | AWWA manual ;
M48. |
| Subjects | |
| Online Access | Full text |
| ISBN | 9781615838264 1615838260 9781613000250 1613000251 1583214038 9781583214039 |
| Physical Description | 1 online resource (xxvi, 324 pages) : illustrations (some color) |
Cover
| LEADER | 00000cam a2200000 a 4500 | ||
|---|---|---|---|
| 001 | kn-ocn707937902 | ||
| 003 | OCoLC | ||
| 005 | 20240717213016.0 | ||
| 006 | m o d | ||
| 007 | cr cn||||||||| | ||
| 008 | 110321s2006 coua ob 001 0 eng d | ||
| 040 | |a KNOVL |b eng |e pn |c KNOVL |d OCLCQ |d DEBSZ |d OCLCQ |d OCLCO |d OCLCQ |d KNOVL |d ZCU |d OCLCE |d E7B |d KNOVL |d OCLCF |d OCLCQ |d NLGGC |d COO |d KNOVL |d YDXCP |d CNNAI |d OCLCQ |d STF |d AZK |d LOA |d OCLCO |d OCLCA |d OCLCQ |d COCUF |d OCLCQ |d MOR |d OCLCO |d PIFAG |d VT2 |d OCLCQ |d OCLCO |d OCLCA |d U3W |d BUF |d OCLCO |d REB |d OCLCO |d MERER |d OCLCO |d CUY |d OCLCO |d OCLCQ |d WRM |d RRP |d CEF |d UAB |d NRAMU |d AU@ |d OCLCO |d OCLCQ |d WYU |d OCLCO |d OCLCA |d OCLCQ |d OCLCA |d OCLCQ |d OCLCO |d UX1 |d OCLCO |d HS0 |d UWK |d OCLCQ |d ERF |d ADU |d UKBTH |d OCLCA |d UKCRE |d OCLCQ |d ERD |d OCLCO |d OCLCQ |d OCL |d OCLCO |d OCLCQ |d SXB | ||
| 020 | |a 9781615838264 |q (electronic bk.) | ||
| 020 | |a 1615838260 |q (electronic bk.) | ||
| 020 | |a 9781613000250 |q (e-book) | ||
| 020 | |a 1613000251 |q (e-book) | ||
| 020 | |z 1583214038 | ||
| 020 | |z 9781583214039 | ||
| 035 | |a (OCoLC)707937902 |z (OCoLC)605910131 |z (OCoLC)607895795 |z (OCoLC)858444687 |z (OCoLC)961620034 |z (OCoLC)961882980 |z (OCoLC)962604540 |z (OCoLC)966248840 |z (OCoLC)975211975 |z (OCoLC)975242704 |z (OCoLC)987009118 |z (OCoLC)988410658 |z (OCoLC)988522069 |z (OCoLC)988657262 |z (OCoLC)990153048 |z (OCoLC)991989256 |z (OCoLC)993451002 |z (OCoLC)999545263 |z (OCoLC)1002901800 |z (OCoLC)1017999852 |z (OCoLC)1026463811 |z (OCoLC)1037939979 |z (OCoLC)1038655851 |z (OCoLC)1038675737 |z (OCoLC)1043653040 |z (OCoLC)1045523230 |z (OCoLC)1060948881 |z (OCoLC)1065696146 |z (OCoLC)1074285976 |z (OCoLC)1081286057 |z (OCoLC)1087321065 |z (OCoLC)1100534206 |z (OCoLC)1101717273 |z (OCoLC)1102488527 |z (OCoLC)1109273700 |z (OCoLC)1110286586 |z (OCoLC)1113039216 |z (OCoLC)1113172122 |z (OCoLC)1119130098 |z (OCoLC)1145366321 |z (OCoLC)1153459553 |z (OCoLC)1159651455 |z (OCoLC)1227638569 |z (OCoLC)1228590545 |z (OCoLC)1229063090 | ||
| 042 | |a dlr | ||
| 245 | 0 | 0 | |a Waterborne pathogens. |
| 250 | |a 2nd ed. | ||
| 260 | |a Denver, CO : |b American Water Works Association, |c ©2006. | ||
| 300 | |a 1 online resource (xxvi, 324 pages) : |b illustrations (some color) | ||
| 336 | |a text |b txt |2 rdacontent | ||
| 337 | |a computer |b c |2 rdamedia | ||
| 338 | |a online resource |b cr |2 rdacarrier | ||
| 490 | 1 | |a AWWA manual ; |v M48 | |
| 504 | |a Includes bibliographical references and index. | ||
| 505 | 0 | |a Sect. I. Introduction to water quality. Waterborne isease outbreaks: their causes, problems, and challenges to treatment barriers -- Water quality in source water, treatment, and distribution systems -- Water quality monitoring, sampling, and testing -- Molecular detection of waterborne microorganisms -- sect. II. Introduction to bacterial pathogenic agents. Acintobacter -- Aeromonas -- Campylobacter -- Cyanobacteria -- Enterohemorrhagic Escherichia coli -- Escherichiacoli -- Flavobacterium -- Helicobacter pylori -- Klebsiella -- Legionella -- Mycobacterium avium complex -- Pseudomonas -- Salmonella -- Serratia -- Shigella -- Staphylococcus -- Vibrio cholerae -- Yersinia -- sect. III. Introduction to parasitic pathogenic agents. Acanthamoeba spp. -- Ascaris lumbricoides -- Balamuthia mandrillaris -- Balantidium coli -- Blastocystis hominis -- Cryptosporidium parvum and Cryptosporidium hominis. | |
| 505 | 0 | |a Cyclospora cayetanensis -- Entamoeba histolytica -- Giardia lamblia -- Isospora belli -- Microsporidia -- Naegleria fowleri -- Schistosomatidae -- Toxoplasma gondii -- Trichuris trichiura -- sect. IV. Introduction to viral pathogenic agents. Adenoviruses -- Astroviruses -- Emerging viruses -- Enteroviruses and parechoviruses -- Hepatitis A virus -- Hepatitis E virus -- Human caliciviruses -- Reoviruses -- Rotaviruses. | |
| 506 | |a Plný text je dostupný pouze z IP adres počítačů Univerzity Tomáše Bati ve Zlíně nebo vzdáleným přístupem pro zaměstnance a studenty | ||
| 590 | |a Knovel |b Knovel (All titles) | ||
| 650 | 0 | |a Waterborne infection. | |
| 650 | 0 | |a Water-supply |x Health aspects. | |
| 650 | 0 | |a Pathogenic microorganisms. | |
| 650 | 0 | |a Water |x Microbiology. | |
| 650 | 0 | |a Water |x Purification. | |
| 655 | 7 | |a elektronické knihy |7 fd186907 |2 czenas | |
| 655 | 9 | |a electronic books |2 eczenas | |
| 710 | 2 | |a American Water Works Association. | |
| 776 | 0 | 8 | |i Print version: |t Waterborne pathogens. |b 2nd ed. |d Denver, CO : American Water Works Association, ©2006 |z 1583214038 |w (DLC) 2005058192 |w (OCoLC)62679941 |
| 830 | 0 | |a AWWA manual ; |v M48. | |
| 856 | 4 | 0 | |u https://proxy.k.utb.cz/login?url=https://app.knovel.com/hotlink/toc/id:kpWPMWSPMC/waterborne-pathogens-manual?kpromoter=marc |y Full text |